书目信息 |
| 题名: |
用年表轻松读懂世界史
|
|
| 作者: | 海川 编著 | |
| 分册: | ||
| 出版信息: | 北京 中国商业出版社 2020 |
|
| 页数: | 275页 | |
| 开本: | 24cm | |
| 丛书名: | ||
| 单 册: | ||
| 中图分类: | K108 | |
| 科图分类: | ||
| 主题词: | 世界史--shi jie shi--历史年表 | |
| 电子资源: | ||
| ISBN: | 978-7-5208-1034-0 | |
| 000 | 00772nam0 2200229 450 | |
| 001 | 2160538170 | |
| 005 | 20210928130734.0 | |
| 010 | @a978-7-5208-1034-0@dCNY49.80 | |
| 100 | @a20200731d2020 em y0chiy0120 ea | |
| 101 | 0 | @achi |
| 102 | @aCN@b110000 | |
| 105 | @ay z 000yy | |
| 106 | @ar | |
| 200 | 1 | @a用年表轻松读懂世界史@Ayong nian biao qing song du dong shi jie shi@f海川编著 |
| 210 | @a北京@c中国商业出版社@d2020 | |
| 215 | @a275页@d24cm | |
| 330 | @a本书共分十章,涉及的内容都是该时期世界上发生的大事件,内容包括:人类起源与远古文明、古代帝国的繁荣与纷争、中世纪封建社会与新兴国家等。 | |
| 606 | 0 | @a世界史@Ashi jie shi@x历史年表 |
| 690 | @aK108@v5 | |
| 701 | 0 | @a海川@Ahai chuan@4编著 |
| 801 | 0 | @aCN@b百万庄@c20210926 |
| 905 | @b1301287-290@dK108@e341@f4 | |
| 用年表轻松读懂世界史/海川编著.-北京:中国商业出版社,2020 |
| 275页;24cm |
| ISBN 978-7-5208-1034-0:CNY49.80 |
| 本书共分十章,涉及的内容都是该时期世界上发生的大事件,内容包括:人类起源与远古文明、古代帝国的繁荣与纷争、中世纪封建社会与新兴国家等。 |
| ● |
| 相关链接 |
|
|
|
|
正题名:用年表轻松读懂世界史
索取号:K108/341
 
预约/预借
| 序号 | 登录号 | 条形码 | 馆藏地/架位号 | 状态 | 备注 |
| 1 | 1301287 | 213012871 | 第二样本阅览室/ [索取号:K108/341] | 在馆 | |
| 2 | 1301288 | 213012880 | 第二借阅区/ [索取号:K108/341] | 在馆 | |
| 3 | 1301289 | 213012899 | 第二借阅区/ [索取号:K108/341] | 在馆 | |
| 4 | 1301290 | 213012906 | 第二借阅区/ [索取号:K108/341] | 在馆 |